000 00998nam a2200289 a 4500
001 10645
003 BD-JhCC
005 20230625083300.0
008 180801s2001 nyub 000 f eng
010 _a9780571268832
020 _a0375406956 (alk. paper)
035 _a(BD-JhCC)10645
040 _aDLC
_cDLC
_dDLC
_dBD-JhCC
041 1 _aeng
_htur
042 _apcc
050 0 0 _aPL248.P34
_bB4613 2001
082 0 0 _a894/.3533
_221
_bPAM 2001
100 1 _aPamuk, Orhan,
_d1952-
240 1 0 _aBenim adım Kırmızı.
_lEnglish
245 1 0 _aMy name is Red /
_cOrhan Pamuk ; translated from the Turkish by Erdağ M. Göknar.
260 _aNew York :
_bAlfred A. Knopf,
_c2001.
300 _a671 p. :
_bmap ;
_c20 cm.
650 _aTurkish fiction
700 1 _aGöknar, Erdağ M.
942 _2ddc
_cBK
_017
999 _c10645
_d10645